Statistiche per Ricostruisci la Carriera del Calciatore - Lionel Messi

Clicka qui per fare il quiz!

Statistiche generali

  • Questo quiz è stato fatto 8 volte
  • Il punteggio medio è 4 su 5

Statistiche sulle risposte

HintRisposta% Corretto
2004-2021 Barcellona
100%
2023- Inter Miami
83%
2021-2023 Paris Saint-Germain
83%
2004-2005 Barcellona B
67%
2003-2004 Barcellona C
67%

Distribuzione punteggi

Percentile per numero di risposta

Percentuale di utenti per punteggio

I tuoi punteggi nel tempo

Non hai fatto questo quiz